Biology: a text book for first year PUC. (Record no. 101164)

MARC details
000 -LEADER
fixed length control field 00517nam a2200205Ia 4500
003 - CONTROL NUMBER IDENTIFIER
control field OSt
005 - DATE AND TIME OF LATEST TRANSACTION
control field 20260602092553.0
008 - FIXED-LENGTH DATA ELEMENTS--GENERAL INFORMATION
fixed length control field 210210b1998 xxu||||| |||| 00| 0 eng d
040 ## - CATALOGING SOURCE
Transcribing agency AL
041 ## - LANGUAGE CODE
Language code of text/sound track or separate title Kannada
082 ## - DEWEY DECIMAL CLASSIFICATION NUMBER
Classification number 574 SURB
100 ## - MAIN ENTRY--PERSONAL NAME
Personal name SURESHNATH (M L) & others.
9 (RLIN) 264947
245 ## - TITLE STATEMENT
Title Biology: a text book for first year PUC.
260 ## - PUBLICATION, DISTRIBUTION, ETC.
Place of publication, distribution, etc. Mangalore
Name of publisher, distributor, etc. Deepa Publishers
Date of publication, distribution, etc. 1998
300 ## - PHYSICAL DESCRIPTION
Extent 324
650 ## - SUBJECT ADDED ENTRY--TOPICAL TERM
Topical term or geographic name entry element I PUC biology
9 (RLIN) 264948
690 ## - LOCAL SUBJECT ADDED ENTRY--TOPICAL TERM (OCLC, RLIN)
Topical term or geographic name as entry element Biology
9 (RLIN) 264949
906 ## - LOCAL DATA ELEMENT F, LDF (RLIN)
a 053281
942 ## - ADDED ENTRY ELEMENTS (KOHA)
Source of classification or shelving scheme Dewey Decimal Classification
Koha item type Book
Holdings
Withdrawn status Lost status Damaged status Not for loan Collection code Home library Current library Shelving location Date acquired Cost, normal purchase price Total Checkouts Full call number Barcode Date last seen Price effective from Koha item type Source of classification or shelving scheme
Discarded         St Aloysius Library St Aloysius Library   02/17/2021 126.00   574 SURB 053274 02/17/2021 02/17/2021 Book  
Discarded         St Aloysius Library St Aloysius Library   02/17/2021 99.00   574 SURB 053281 02/17/2021 02/17/2021 Book  
Discarded         St Aloysius Library St Aloysius Library   02/17/2021 126.00   574 SURB 053271 02/17/2021 02/17/2021 Book  
Discarded         St Aloysius Library St Aloysius Library   02/17/2021 126.00   574 SURB 053275 02/17/2021 02/17/2021 Book  
Discarded         St Aloysius Library St Aloysius Library   02/17/2021 126.00   574 SURB 053276 02/17/2021 02/17/2021 Book  
Discarded         St Aloysius Library St Aloysius Library   02/17/2021 126.00   574 SURB 053278 02/17/2021 02/17/2021 Book  
Discarded         St Aloysius Library St Aloysius Library   02/17/2021 126.00   574 SURB 053272 02/17/2021 02/17/2021 Book  
Discarded         St Aloysius Library St Aloysius Library   02/17/2021 99.00   574 SURB 053280 02/17/2021 02/17/2021 Book  
Discarded         St Aloysius Library St Aloysius Library   02/17/2021 126.00   574 SURB 053270 02/17/2021 02/17/2021 Book  
Discarded         St Aloysius Library St Aloysius Library   02/17/2021 126.00   574 SURB 053273 02/17/2021 02/17/2021 Book  
Discarded         St Aloysius Library St Aloysius Library   02/17/2021 126.00   574 SURB 053277 02/17/2021 02/17/2021 Book  
Discarded         St Aloysius Library St Aloysius Library   02/17/2021 99.00   574 SURB 053279 02/17/2021 02/17/2021 Book  
Discarded       Others St Aloysius Library St Aloysius Library   02/17/2021 99.00   574 SURB 052041 09/16/2023 02/17/2021 Book Dewey Decimal Classification